MDQL
is popping MORE tags! Check the
thread
!
Quizzes
Events
Quiz Creation
Community
Videos
Private Events
Remove Ads
Sign In
Join for FREE
Feedback
Dark Mode
Quiz Categories
Sports
Geography
Music
Movies
Television
Just For Fun
Miscellaneous
History
Literature
Language
Science
Gaming
Entertainment
Religion
Holiday
For Kids
Quiz Lab
Recent
Popular Today
Quiz Kudos Today
Editor Picks
Curator Picks
Quizzes by...
Day
Popularity
Type
Ratings
Length
Year
Community
Subscriptions
Recent Discussions
Orange Saloon
Badges
Playlists
Quests
Create
Leaderboards
Showdown
Live 5
Trivia Bingo
Activity
Puzzle Library
Sporcle Events
Private Events
Virtual Trivia
Globe League
Become a Host
Pub Owners
SporcleCon
Opinionation
Our Games
Videos
Blog
Mobile Apps
Partnerships
Remove Ads and Go Orange
Feedback
Literature
Harry Potter
A Song of Ice and Fire
The Hunger Games
Literary Character
Shakespeare
Book
Author
Novel
Poem
Young Adult
Children's Books
Play
Lord of the Rings
Literature
Harry Potter
A Song of Ice and Fire
The Hunger Games
Literary Character
Shakespeare
Book
Author
Novel
Poem
Young Adult
Children's Books
Play
Lord of the Rings
Random Quiz
Search Sporcle
×
Quiz Lab
Quiz Lab
Literature
description
Type in answers that appear in a list
Type in answers that appear in a list
Classic
Best Score? Go Orange.
Bitterblue Characters(SPOILERS!) Stats
Can you name the characters in Bitterblue?
By
ElisatheWildmage
3m
23 Questions
64 Plays
64 Plays
64 Plays
Comments
Comments
Give Quiz Kudos
Give Quiz Kudos
-
- Ratings
hide this ad
More Info
Replay
Link that replays current quiz
Next Quiz
Link to next quiz in quiz playlist
You Got
0%
They Got
Avg Score
76%
Avg Friend Score
Upgrade to see
Score Distribution
Jump to the score distribution portion of the page
Score
0/23
Timer
03:00
0
Plays Today
Description
Name
% Correct
Ex-
king of Monsea, dead
Leck
96.9%
Has purple eyes
Saf
96.9%
Graced with perception
Po
96.9%
Queen of Monsea
Bitterblue
96.9%
Librarian
Death
93.8%
Lady from the Dells
Fire
93.8%
Ex-
lady of the Middluns
Katsa
90.6%
Ex-
queen of Monsea, dead
Ashen
87.5%
Is making a dictionary
Teddy
87.5%
Graced with no fear
Fox
84.4%
6th prince of Lienid
Skye
82.8%
King of Lienid
Ror
81.3%
Description
Name
% Correct
Graced healer
Madlen
76.6%
Adviser to Bitterblue
Thiel
71.9%
Bellamew's daughter
Hava
71.9%
Leck's favorite sculptor
Bellamew
67.2%
Saf's sister
Bren
65.6%
Teddy's sister
Tilda
65.6%
Bitterblue's spymaster
Helda
62.5%
Graced guard
Holt
60.9%
Madman architect
Ivan
54.7%
Lord, tried to kidnap Bitterblue
Danzhol
46.9%
Prison master
Goldie
34.4%
Quiz Playlist
Details
Report
Send in Message
Add To Playlist
More Info:
I am in love with this book and there were no quizzes for it. Happy guessing! WARNING! SPOILERS!
Classic:
Type in answers that appear in a list
Last Updated: Feb 16, 2017
Quiz Scoreboard
CHALLENGE
Sign Up to Join the Scoreboard
Show All
Scores
Hide
Comments
May contain spoilers
Recently Published
Holiday 10x10 Sorting Gallery
by lukepisani3
Holiday
15m
Two Season TV Shows II
by 123Four
Television
10m
Image Sorting: Flags VI
by Barbecue
Geography
2m
More to Explore
Quiz From the Vault
Featured Blog Post
14 Easter Pick-up Lines to Find Eggs With
hide this ad
You Might Also Like...
Tags
Character
description
Spoiler
Today's Top Quizzes in Literature
Browse Literature
hide this ad
Today's Top Quizzes in description
Browse description
Top Contributed Quizzes in Literature
1
Sneaky Slytherin Logic Puzzle
2
Criteria Quiz: Harry Potter Deaths
3
Get The Picture: Black or White Literature
4
Harry Potter logic puzzle: The Hogwarts Soap Opera
5
'Middle' Earth
6
Weasley Family Reunion: Logic Puzzle
7
Missing Word: John Steinbeck Title Images
8
Harry Potter Slytherin Logic Puzzle
9
Quick Pick: Easter in Book Titles
10
Harry Potter logic puzzle: Triwizard Tournament
Explore More
Trending Topics
Marvel
Anime
Kpop
Disney
Crossword
Harry Potter
NBA
The Office
WWE
Country
NFL
Soccer
Puzzle
Song
Pokémon
hide this ad
More By:
ElisatheWildmage
Quiz
Plays
Rating
Category
Featured
Created
Tiger's Voyage Quotes
84
Literature
Aug 3, 2012
Bitterblue Characters(SPOILERS!)
64
Literature
Oct 26, 2012
Go to Creator's Profile
Score Distribution
Quiz Creator Spotlight
ElisatheWildmage
Follow
Send a Message
Quizzes Created
-
Created Quiz Play Count
-
More By This Creator
Popular Quizzes Today
1
Find the US States - No Outlines Minefield
2
Colored Red Africa Blitz
3
Find the 'City' Movie
4
5x2 Blitz: Bands
5
The Countries of the World
6
Find the Countries of Europe - No Outlines Minefield
7
Find the US States
8
US States
More Literature Quizzes
Lord of the Rings Periodic Table
Quiz Lab
Trending Quizzes
Colored Red Europe Blitz I
Colored Red Africa Blitz II
Colored Red Europe Blitz II
Even More Two Season TV Shows
Colored Red Africa Blitz III
Recently Updated
March Madness Men's Triple Doubles
pecheneg
How Do You Spell That?
pecheneg
Godzilla Movies
pecheneg
Grab Bag: 4-10 Letters
pecheneg
2024 March Madness Bracket
pecheneg
Famous TV Couples
Peacemaker
Champions League XIs: Real Madrid
pecheneg
Largest US Cities 1790-2010
pecheneg
Rides in Walt Disney World
pecheneg
Most Oscar Losses (Acting)
pecheneg
Trending Topics
Crossword
Marvel
Harry Potter
Anime
Disney
NBA
Kpop
Soccer
Pokémon
WWE
Song
NFL
The Office
Puzzle
Country
Your Account Isn't Verified!
In order to create a playlist on Sporcle, you need to verify the email address you used during registration. Go to your
Sporcle Settings
to finish the process.
Report this User
Report this user for behavior that violates our
Community Guidelines
.
Details:
Send Report
Go to the Sporcle.com Mobile Site →
Comments